Sports Quiz

Random Sports or Football Quiz

MLB Home Runs by Position Quiz Stats

 Plays Quiz not verified by Sporcle

Support Sporcle.
Go Orange.
Score 0/50 Timer 12:00
0 Plays Today
Position Player % Correct
ShortstopAlex Rodriguez
96.8%
Right FieldBabe Ruth
96.2%
Left FieldBarry Bonds
95.7%
Right FieldHank Aaron
94.8%
Center FieldWillie Mays
92.7%
CatcherMike Piazza
91.3%
Center FieldKen Griffey Jr.
90.8%
First BaseMark McGwire
88.1%
Third BaseMike Schmidt
87.1%
CatcherJohnny Bench
86.8%
First BaseJim Thome
86.3%
Right FieldSammy Sosa
86.3%
Center FieldMickey Mantle
83.1%
Designated HitterFrank Thomas
80.6%
Left FieldManny Ramirez
79.8%
ShortstopCal Ripken
79.3%
Left FieldTed Williams
79%
ShortstopErnie Banks
78.4%
Right FieldFrank Robinson
77.3%
First BaseHarmon Killebrew
75.1%
First BaseRafael Palmeiro
72.7%
CatcherYogi Berra
70.6%
CatcherCarlton Fisk
69.5%
First BaseJimmie Foxx
69.3%
Right FieldReggie Jackson
66.2%
Position Player % Correct
Second BaseJeff Kent
63.4%
Third BaseChipper Jones
62.2%
Second BaseRyne Sandberg
61.2%
Third BaseEddie Mathews
61%
Left FieldStan Musial
58.4%
CatcherGary Carter & Lance Parrish
49.4%
Left FieldWillie Stargell
49.1%
Second BaseCraig Biggio
47.5%
ShortstopMiguel Tejada
46.7%
Second BaseRogers Hornsby
44.8%
Designated HitterJose Canseco
43.6%
Center FieldDuke Snider
40.1%
Second BaseAlfonso Soriano
36.3%
ShortstopRobin Yount
35.9%
Designated HitterHarold Baines
32.4%
Third BaseDarrell Evans
31.1%
Third BaseGraig Nettles
29.7%
Center FieldDale Murphy
29.5%
PitcherWarren Spahn
22.4%
Designated HitterChili Davis
19.8%
Designated HitterDon Baylor
16.1%
PitcherEarl Wilson
15.6%
PitcherWes Ferrell
13.9%
PitcherBob Lemon
7%
PitcherRed Ruffing
4.3%

You're not logged in!

Compare scores with friends on all Sporcle quizzes.
OR
Log In

From the Vault

Words Like 'Kyrgyzstan'

by sproutcm

These words might be 'like' Kyrgyzstan, but they will never reach its infamy.
Remove Ads.
Support Sporcle.
Get the best of Sporcle when you Go Orange. This ad-free experience offers more features, more stats, and more fun while also helping to support Sporcle. Thank you for becoming a member.

Show Comments

Extras

Top Quizzes Today


Score Distribution

Your Account Isn't Verified!

In order to create a playlist on Sporcle, you need to verify the email address you used during registration. Go to your Sporcle Settings to finish the process.

Report this User

Report this user for behavior that violates our Community Guidelines.

Details: